[Event "Reykjavik Open"]
[Site "Reykjavik ISL"]
[Date "2012.03.13"]
[Round "9.59"]
[White "Sigurjonsson, Stefan Th."]
[Black "Sjol, Henrik"]
[Result "1-0"]
[WhiteElo "2117"]
[BlackElo "1892"]
[WhiteFideId "2301008"]
[BlackFideId "1505629"]
[EventDate "2012.03.06"]

1. e4 c6 2. d4 d5 3. exd5 cxd5 4. Bd3 Nc6 5. c3 Qc7 6. h3 Nf6 7. Nf3 g6 8. O-O
Bf5 9. Re1 Bxd3 10. Qxd3 e6 11. Ne5 Bd6 12. Nxc6 bxc6 13. Bh6 Bf8 14. Qe3 Bxh6
15. Qxh6 Nh5 16. Re5 O-O-O 17. Nd2 Qe7 18. Nb3 Nf6 19. Nc5 Nd7 20. Nxd7 Qxd7 21.
b4 Rde8 22. Rae1 f6 23. R5e2 Qf7 24. Qf4 Kd7 25. Qe3 f5 26. Qd3 Kd8 27. Qa6 Qd7
28. b5 cxb5 29. Rxe6 Rxe6 30. Rxe6 Qc7 31. Qxb5 Qc4 32. Qb7 Qc7 33. Qxd5+ 1-0

[Event "Reykjavik Open"]
[Site "Reykjavik ISL"]
[Date "2012.03.13"]
[Round "9.60"]
[White "Eriksen, Magnus"]
[Black "Karlsson, Mikael Johann"]
[Result "0-1"]
[WhiteElo "2108"]
[BlackElo "1884"]
[WhiteFideId "1509764"]
[BlackFideId "2305194"]
[EventDate "2012.03.06"]

1. Nf3 c5 2. e4 Nc6 3. d4 cxd4 4. Nxd4 Qb6 5. Nb3 Nf6 6. Nc3 e6 7. Bd3 a6 8. O-O
Be7 9. Be3 Qc7 10. f4 d6 11. a4 b6 12. Qf3 Bb7 13. Qh3 g6 14. Kh1 h5 15. Nd2 Nb4
16. Nc4 Nd7 17. Bd4 Rg8 18. Rf2 Nc5 19. Re1 Rc8 20. Bf1 d5 21. exd5 Nxd5 22. Be5
Qd8 23. Rd2 f6 24. Nxd5 Bxd5 25. Bd4 Qc7 26. b3 Qxf4 27. Bxc5 Rxc5 28. Rdd1 Rc6
29. Ne3 Be4 30. Bxa6 Kf7 31. Bc4 Rd8 32. Rxd8 Bxd8 33. Rd1 Be7 34. Rf1 Qg5 35.
Re1 Bb4 36. Rd1 Qf4 37. Rf1 Qe5 38. Bb5 Rc3 39. Ng4 Bxg2+ 40. Qxg2 hxg4 41. Bd3
f5 42. Qxg4 Bd6 43. Qh3 Rc8 44. Qh7+ Kf6 45. Rg1 Rg8 46. Rg2 Rg7 47. Qh8 Kf7 48.
Bb5 Rg8 49. Be8+ Rxe8 0-1

[Event "Reykjavik Open"]
[Site "Reykjavik ISL"]
[Date "2012.03.13"]
[Round "9.61"]
[White "Andersen, Daniel"]
[Black "Goodger, Martyn"]
[Result "0-1"]
[WhiteTitle "FM"]
[WhiteElo "1879"]
[BlackElo "2098"]
[WhiteFideId "1402714"]
[BlackFideId "408336"]
[EventDate "2012.03.06"]

1. c4 f5 2. g3 Nf6 3. Bg2 g6 4. Nc3 Bg7 5. e3 d6 6. Nge2 O-O 7. O-O e5 8. d3 a5
9. Rb1 Na6 10. a3 Nc5 11. b4 axb4 12. axb4 Ne6 13. Qb3 Kh8 14. Bd2 Nh5 15. f4 c6
16. b5 Nc5 17. Qc2 Bd7 18. d4 exd4 19. exd4 Ne6 20. d5 Nd4 21. Nxd4 Bxd4+ 22.
Kh1 c5 23. Rfe1 Ra3 24. Ra1 Rxa1 25. Rxa1 Qf6 26. Ra7 Qg7 27. Rxb7 Nxg3+ 0-1

[Event "Reykjavik Open"]
[Site "Reykjavik ISL"]
[Date "2012.03.13"]
[Round "9.63"]
[White "Ragnarsson, Johann"]
[Black "Ragnarsson, Dagur"]
[Result "1-0"]
[WhiteElo "2082"]
[BlackElo "1858"]
[WhiteFideId "2301040"]
[BlackFideId "2304058"]
[EventDate "2012.03.06"]

1. d4 e6 2. c4 Nf6 3. Nc3 d5 4. cxd5 exd5 5. Bg5 Be7 6. Qc2 O-O 7. e3 Nbd7 8.
Bd3 c6 9. Nge2 Re8 10. O-O Nf8 11. f3 Be6 12. Bh4 c5 13. dxc5 Bxc5 14. Nd4 Bxd4
15. exd4 Ng6 16. Bg5 Qb6 17. Bxf6 gxf6 18. Qf2 Nf4 19. Bxh7+ Kxh7 20. Qh4+ Kg7
21. Qxf4 Qxb2 22. Qg3+ Kh7 23. f4 Rac8 24. Qd3+ Kg7 25. Nb5 Rg8 26. Rab1 Qc2 27.
Qg3+ Kf8 28. Qa3+ Kg7 29. Rb2 Qe4 30. Qg3+ Kf8 31. Qa3+ Kg7 32. Rbf2 Rc6 33. f5
Bd7 34. Rf4 Qe2 35. Qh3 Bxf5 36. Qxf5 Qxb5 37. Qd7 Qb6 38. Qxd5 Rd8 39. Qh5 Re6
40. Kh1 Qd6 41. h3 a6 42. Rg4+ Kf8 43. Qh6+ Ke7 44. Rgf4 Rg8 45. Qh4 Qd5 46. Qf2
Rg6 47. Kh2 b5 48. g3 Rh6 49. Rf5 Qc4 50. d5 Re2 51. Re1 Rxe1 52. Qxe1+ Kd7 53.
Qf2 Rg6 54. Rf4 Qc7 55. h4 Qe5 56. Rf5 Qd6 57. Kh3 Ke7 58. h5 Rg7 59. Qe3+ Kf8
60. g4 a5 61. Qc3 Rg5 62. Qc8+ Ke7 63. h6 Rxf5 64. Qxf5 Qa3+ 65. Kh4 Qxa2 66.
d6+ Kxd6 67. Qxf6+ Kd7 68. Qf5+ Ke7 69. Qe5+ Kd7 70. h7 Qf2+ 71. Kh5 Qg2 72.
h8=Q Qh1+ 73. Kg5 Qc1+ 74. Qf4 Qc5+ 75. Qhe5 f6+ 76. Qxf6 Qc1+ 77. Kg6 Qh6+ 78.
Kxh6 1-0

[Event "Reykjavik Open"]
[Site "Reykjavik ISL"]
[Date "2012.03.13"]
[Round "9.64"]
[White "Doell, Detlef"]
[Black "Finnbogadottir, Tinna Kristin"]
[Result "1-0"]
[WhiteElo "2067"]
[BlackElo "1810"]
[WhiteFideId "4659449"]
[BlackFideId "2300214"]
[EventDate "2012.03.06"]

1. e4 d5 2. exd5 Qxd5 3. Nc3 Qa5 4. d4 Nf6 5. Bc4 Bf5 6. Bd2 Qb6 7. Nf3 c6 8.
Bb3 e6 9. Qe2 Be7 10. O-O-O Nd5 11. Ne5 Qxd4 12. Nxd5 exd5 13. g4 Qe4 14. Rhe1
Qxe2 15. Rxe2 Be6 16. f4 g6 17. Rf1 Kf8 18. f5 gxf5 19. gxf5 Bxf5 20. Rxf5 f6
21. Bh6+ Ke8 22. Bg7 Rg8 23. Bxf6 Bxf6 24. Rxf6 Kd8 25. Rf7 Na6 26. Rxb7 Nc5 27.
Nxc6+ Kc8 28. Rxh7 Rg1+ 29. Kd2 Ne4+ 30. Rxe4 dxe4 31. Be6# 1-0

[Event "Reykjavik Open"]
[Site "Reykjavik ISL"]
[Date "2012.03.13"]
[Round "9.65"]
[White "Johannsdottir, Johanna Bjorg"]
[Black "Stam, Bart"]
[Result "0-1"]
[WhiteElo "1864"]
[BlackElo "2048"]
[WhiteFideId "2303108"]
[BlackFideId "1006240"]
[EventDate "2012.03.06"]

1. e4 e5 2. Nf3 Nc6 3. Bc4 Bc5 4. c3 Nf6 5. d3 a6 6. O-O Ba7 7. Nbd2 O-O 8. Re1
d6 9. Bb3 Qe7 10. Nf1 h6 11. Ng3 Ng4 12. Re2 Na5 13. Bc2 Be6 14. d4 Bc4 15. Re1
Be6 16. h3 Nf6 17. Nh4 Nh7 18. Nhf5 Bxf5 19. Nxf5 Qf6 20. Qg4 Kh8 21. Re3 exd4
22. Rf3 dxc3 23. bxc3 Ng5 24. Rg3 Ne6 25. Qh5 Nc4 26. Qe2 Ne5 27. Bd2 Ng6 28.
Rf1 Rae8 29. Qh5 Nef4 30. Qg4 h5 31. Qf3 Ne2+ 32. Qxe2 Qxf5 33. Rg5 Qf6 34.
Qxh5+ Kg8 35. Rf5 Qh4 36. Qd1 Re5 37. Bg5 Qg3 38. Qd2 Rxf5 39. exf5 Nh4 40. Bxh4
Qxh4 41. Qd5 c6 42. Qd3 Re8 43. Qf3 d5 44. Bd3 Rc8 45. Kh2 Bb8+ 46. g3 Qg5 47.
Kg2 f6 48. Rd1 Kf7 49. h4 Qh6 50. c4 d4 51. c5 Be5 52. Bc4+ Ke8 53. Qg4 Kd7 54.
f4 Bc7 55. Rxd4+ 0-1

[Event "Reykjavik Open"]
[Site "Reykjavik ISL"]
[Date "2012.03.13"]
[Round "9.66"]
[White "Antonsson, Atli"]
[Black "Edvardsen, Ragnar"]
[Result "0-1"]
[WhiteElo "1849"]
[BlackElo "2045"]
[WhiteFideId "2307987"]
[BlackFideId "1502719"]
[EventDate "2012.03.06"]

1. e4 c5 2. Nf3 Nc6 3. d4 cxd4 4. Nxd4 Nf6 5. Nc3 e5 6. Ndb5 d6 7. Bg5 a6 8. Na3
b5 9. Nd5 Be7 10. Bxf6 Bxf6 11. c3 Bg5 12. Nc2 Be6 13. a4 Rb8 14. axb5 axb5 15.
Ncb4 Nxb4 16. Nxb4 Rb6 17. Nd5 Rb7 18. h4 Be7 19. Ra6 O-O 20. Nxe7+ Qxe7 21.
Rxd6 Qc7 22. Be2 b4 23. Rd3 bxc3 24. Rxc3 Qa5 25. Qd2 Qa1+ 26. Rc1 Qxb2 27. Qxb2
Rxb2 28. Bf3 Rd8 29. O-O Kf8 30. Rfd1 Rxd1+ 31. Bxd1 Ke7 32. Bf3 g6 33. g3 h6
34. Kg2 Rb4 35. Re1 h5 36. Ra1 Kd6 37. Re1 Kc5 38. Rc1+ 0-1

[Event "Reykjavik Open"]
[Site "Reykjavik ISL"]
[Date "2012.03.13"]
[Round "9.67"]
[White "Thorell, Viktor"]
[Black "Traustason, Ingi Tandri"]
[Result "1-0"]
[WhiteElo "2034"]
[BlackElo "1824"]
[WhiteFideId "1715488"]
[BlackFideId "2302934"]
[EventDate "2012.03.06"]

1. c4 Nf6 2. Nc3 c5 3. g3 g6 4. Bg2 Bg7 5. d3 O-O 6. e4 Nc6 7. Nge2 d6 8. O-O
Rb8 9. b3 Be6 10. Bb2 Qd7 11. Nd5 Bh3 12. Nxf6+ exf6 13. Bxh3 Qxh3 14. Nf4 Qd7
15. Nd5 Qe6 16. Qf3 Ne5 17. Qe2 Nc6 18. f4 f5 19. Rae1 Nd4 20. Qg2 Qd7 21. exf5
Nxf5 22. Bxg7 Kxg7 23. g4 Nd4 24. Re7 Qc6 25. Qh3 Rbe8 26. Qh4 Rxe7 27. Qf6+ Kh6
28. Qxe7 Qc8 29. g5+ 1-0

[Event "Reykjavik Open"]
[Site "Reykjavik ISL"]
[Date "2012.03.13"]
[Round "9.68"]
[White "Ghaderi, Arman K"]
[Black "Thorsteinsdottir, Hallgerdur"]
[Result "1/2-1/2"]
[WhiteElo "1772"]
[BlackElo "1959"]
[WhiteFideId "1511890"]
[BlackFideId "2302454"]
[EventDate "2012.03.06"]

1. e4 c6 2. d4 d5 3. Nd2 dxe4 4. Nxe4 Bf5 5. Ng3 g6 6. Nh3 e6 7. Nf4 Bd6 8. Nxg6
hxg6 9. Ne4 Be7 10. c3 Nf6 11. Ng5 Nh7 12. Nf3 Nd7 13. Bc4 Nb6 14. Bb3 Qc7 15.
g3 Nd5 16. Qe2 O-O-O 17. Bd2 c5 18. dxc5 Bxc5 19. O-O-O Nhf6 1/2-1/2

[Event "Reykjavik Open"]
[Site "Reykjavik ISL"]
[Date "2012.03.13"]
[Round "9.70"]
[White "Johannesson, Oliver"]
[Black "Saemundsson, Bjarni"]
[Result "1/2-1/2"]
[WhiteElo "1677"]
[BlackElo "1947"]
[WhiteFideId "2305623"]
[BlackFideId "2302900"]
[EventDate "2012.03.06"]

1. e4 c5 2. Nc3 Nc6 3. f4 g6 4. Nf3 Bg7 5. Bb5 Nd4 6. O-O e6 7. e5 a6 8. Bd3 Ne7
9. Nxd4 cxd4 10. Ne2 Nc6 11. b3 b5 12. a4 b4 13. Bb2 d6 14. Be4 d5 15. Bd3 Bf8
16. Kh1 Bc5 17. Qe1 O-O 18. Qg3 f5 19. Rf3 a5 20. Bb5 Ba6 21. Rd3 Qb6 22. Bxa6
Qxa6 23. Qf2 Rac8 24. Rc1 Rf7 25. Qh4 Be7 26. Qg3 Bc5 27. h4 Rg7 28. Qf3 h6 29.
Ng3 Be7 30. h5 g5 31. Nxf5 exf5 32. Qxd5+ Kh7 33. Qe6 gxf4 34. Qxf5+ Kh8 35.
Qxf4 Rg5 36. Qf7 Rcg8 37. Qe6 Rxh5+ 38. Rh3 Rxh3+ 39. gxh3 Bg5 40. Bxd4 Qb7 41.
Qd5 Rg7 42. Bb2 Bxd2 43. Rf1 Nb8 44. Rf8+ Kh7 45. Qxb7 Rxb7 46. e6 Bc3 47. Bxc3
bxc3 48. Rc8 Na6 49. Rxc3 Re7 50. Rc6 Nc7 51. Rc5 Nxe6 52. Rxa5 Rc7 53. b4 Rxc2
54. Ra7+ Kg6 55. b5 Nd4 56. Kg1 Rb2 57. Ra6+ Kg5 58. h4+ Kxh4 59. Rxh6+ Kg3 60.
Rg6+ Kf4 61. b6 Nf3+ 62. Kf1 Nd2+ 63. Ke1 Nc4 1/2-1/2

[Event "Reykjavik Open"]
[Site "Reykjavik ISL"]
[Date "2012.03.13"]
[Round "9.71"]
[White "Scholzen, Wolfgang"]
[Black "Gundersen, Ingvar"]
[Result "1-0"]
[WhiteElo "2127"]
[BlackElo "1814"]
[WhiteFideId "24637629"]
[BlackFideId "1709585"]
[EventDate "2012.03.06"]

1. d4 e6 2. Nf3 Nf6 3. e3 Nc6 4. Bd3 d5 5. b3 Ne4 6. Bb2 f5 7. O-O Be7 8. c4 O-O
9. Nc3 b6 10. Rc1 Nb4 11. Bb1 c5 12. a3 Nc6 1-0

[Event "Reykjavik Open"]
[Site "Reykjavik ISL"]
[Date "2012.03.13"]
[Round "9.72"]
[White "Fridthjofsdottir, Sigurl. Regina"]
[Black "Thorsteinsdottir, Gudlaug"]
[Result "0-1"]
[BlackTitle "WFM"]
[WhiteElo "1731"]
[BlackElo "2085"]
[WhiteFideId "2300788"]
[BlackFideId "2300753"]
[EventDate "2012.03.06"]

1. e4 c5 2. Nc3 e6 3. d3 Nc6 4. g3 Rb8 5. Bg2 b5 6. Nf3 b4 7. Ne2 Bb7 8. O-O d6
9. h4 Nf6 10. Nf4 h6 11. Nh2 e5 12. Nh3 Be7 13. Ng4 Bc8 14. Nxf6+ Bxf6 15. Be3
Be6 16. h5 Qd7 17. Kh2 Bg4 18. f3 Bxh5 19. Nf2 Bg5 20. Bxg5 hxg5 21. Bh3 Qe7 22.
Kg2 Nd4 23. g4 Bg6 24. Qd2 Ne6 25. Rh1 Kd7 26. Kg3 Rh4 27. c3 f6 28. cxb4 Rxb4
29. a3 Rb7 30. Rhc1 Nd4 31. Rc3 Rh8 32. b4 cxb4 33. axb4 Rhb8 34. Qd1 Ke8 35.
Qa4+ Kf8 36. Bf1 Be8 37. Qa5 Nc6 38. Qa3 Rxb4 39. Rac1 Qb7 40. Nd1 Qb6 41. Qa2
a5 42. Qd5 Nd8 43. Qa2 a4 44. Qh2 Ne6 45. Qh8+ Ke7 46. Rc8 Bd7 47. Rxb8 Qxb8 48.
Qh7 Rb1 49. Rxb1 Qxb1 50. Ne3 Qe1+ 51. Kg2 Qxe3 0-1

[Event "Reykjavik Open"]
[Site "Reykjavik ISL"]
[Date "2012.03.13"]
[Round "9.73"]
[White "Haga, Halvor"]
[Black "Sigurdsson, Birkir Karl"]
[Result "1-0"]
[WhiteElo "2032"]
[BlackElo "1716"]
[WhiteFideId "1507532"]
[BlackFideId "2304180"]
[EventDate "2012.03.06"]

1. d4 Nf6 2. Nf3 e6 3. Bf4 b6 4. e3 Bb7 5. Be2 Be7 6. O-O O-O 7. h3 c5 8. c3 d6
9. Nbd2 Nbd7 10. Nc4 d5 11. Nce5 Nxe5 12. Nxe5 c4 13. b3 cxb3 14. axb3 Ne4 15.
Qc2 Bg5 16. Bh2 Rc8 17. c4 a5 18. Bd3 f5 19. Rfc1 g6 20. Qe2 f4 21. f3 Nd6 22.
c5 Nf5 23. exf4 Bxf4 24. Bxf4 Nxd4 25. Qe3 Nxb3 26. Nxg6 hxg6 27. Qxe6+ Rf7 28.
Qxg6+ Rg7 29. Qe6+ Rf7 30. Bh7+ 1-0

[Event "Reykjavik Open"]
[Site "Reykjavik ISL"]
[Date "2012.03.13"]
[Round "9.75"]
[White "Sverrisson, Nokkvi"]
[Black "Hauksdottir, Hrund"]
[Result "1-0"]
[WhiteElo "1928"]
[BlackElo "1627"]
[WhiteFideId "2304376"]
[BlackFideId "2302608"]
[EventDate "2012.03.06"]

1. e4 e5 2. Nf3 Nc6 3. Bb5 a6 4. Ba4 b5 5. Bb3 Bc5 6. O-O d6 7. h3 Nf6 8. Re1
Na5 9. c3 Nxb3 10. axb3 O-O 11. d4 exd4 12. cxd4 Bb6 13. Bg5 Bb7 14. Qc2 Re8 15.
Nbd2 Qc8 1-0

[Event "Reykjavik Open"]
[Site "Reykjavik ISL"]
[Date "2012.03.13"]
[Round "9.76"]
[White "Heimisson, Hilmir Freyr"]
[Black "Guisset, Philippe"]
[Result "1-0"]
[WhiteElo "1602"]
[BlackElo "1926"]
[WhiteFideId "2309998"]
[BlackFideId "206628"]
[EventDate "2012.03.06"]

1. e4 g6 2. d4 d6 3. f4 Bg7 4. Nf3 Nf6 5. Bd3 O-O 6. O-O Na6 7. c3 c5 8. a3 cxd4
9. cxd4 Bg4 10. Be3 Qb6 11. Qd2 Bxf3 12. gxf3 Nd7 13. Bc4 Nc7 14. Nc3 d5 15.
Nxd5 Nxd5 16. Bxd5 Kh8 17. Qb4 Qd8 18. Rac1 e6 19. Ba2 Nb6 20. d5 exd5 21. Bxb6
axb6 22. exd5 b5 23. Qxb5 Qh4 24. Qb4 Bh6 25. Rc4 Kg8 26. Qe1 Qh3 27. Qg3 Qd7
28. Rd1 b5 29. Re4 Ra4 30. Rxa4 bxa4 31. Qh4 Bg7 32. Rd2 Qd6 33. Rc2 Bd4+ 34.
Kg2 Rb8 35. Re2 Rxb2 36. Rxb2 Bxb2 37. Qg4 Bxa3 38. Qc8+ Kg7 39. Qc4 Bb4 40.
Qd4+ 1-0

[Event "Reykjavik Open"]
[Site "Reykjavik ISL"]
[Date "2012.03.13"]
[Round "9.77"]
[White "Vignisson, Ingvar Egill"]
[Black "Ingason, Sigurdur"]
[Result "0-1"]
[WhiteElo "1558"]
[BlackElo "1878"]
[WhiteFideId "2309270"]
[BlackFideId "2301709"]
[EventDate "2012.03.06"]

1. e4 e5 2. Nf3 Nf6 3. Nxe5 d6 4. Nf3 Nxe4 5. Nc3 Nxc3 6. dxc3 Be7 7. Bf4 O-O 8.
Qd2 Nd7 9. O-O-O Nc5 10. Be3 Be6 11. Be2 Ne4 12. Qe1 c6 13. Bd3 Nf6 14. Kb1 d5
15. Nd4 Qd7 16. Nxe6 fxe6 17. h3 Bd6 18. Bd4 c5 19. Be5 Rac8 20. c4 Qc7 21. f4
Bxe5 22. fxe5 Nh5 23. Qh4 g6 24. cxd5 exd5 25. c4 d4 26. Rhe1 Rce8 27. e6 Nf4
28. Qg3 Nxe6 29. Re5 Ng7 30. Rde1 Nh5 31. Qg5 Rxe5 32. Rxe5 b6 33. Re7 Qg3 34.
Qd5+ Kh8 35. Qe4 Nf6 36. Qe2 Ng8 37. Rxa7 Rf2 38. Qe4 Rxg2 39. Rf7 Rd2 40. Rf3
Qd6 41. Be2 Qe7 42. Qxe7 Nxe7 43. Rf2 d3 44. Kc1 Rxe2 45. Rxe2 dxe2 46. Kd2 Kg7
47. Kxe2 Kf6 48. a3 Nc6 49. Kd3 Ke5 50. Kc3 g5 51. b4 h5 52. bxc5 bxc5 53. a4
Ke4 54. Kb3 g4 0-1

[Event "Reykjavik Open"]
[Site "Reykjavik ISL"]
[Date "2012.03.13"]
[Round "9.81"]
[White "Dukaczewski, Piotr"]
[Black "Miettinen, Teemu"]
[Result "1-0"]
[WhiteTitle "IM"]
[WhiteElo "2310"]
[BlackElo "2012"]
[WhiteFideId "1103520"]
[BlackFideId "501050"]
[EventDate "2012.03.06"]

1. c4 c5 2. Nc3 Nc6 3. Nf3 e5 4. d3 g6 5. g3 Bg7 6. Bg2 Nge7 7. O-O O-O 8. Nd5
d6 9. Rb1 Nxd5 10. cxd5 Nb4 11. Qb3 a5 12. a3 Na6 13. Bd2 Rb8 14. Qb5 b6 15. a4
Qe8 16. Qxe8 Rxe8 17. e4 Nc7 1-0

[Event "Reykjavik Open"]
[Site "Reykjavik ISL"]
[Date "2012.03.13"]
[Round "9.82"]
[White "Shepherd, Michael"]
[Black "Edakina, Maria"]
[Result "1/2-1/2"]
[WhiteElo "2011"]
[BlackElo "1657"]
[WhiteFideId "2401444"]
[BlackFideId "4156153"]
[EventDate "2012.03.06"]

1. d4 Nf6 2. c4 g6 3. Nc3 Bg7 4. e4 d6 5. h3 Nc6 6. d5 Nb8 7. Be3 e6 8. Bd3 Nbd7
9. Nf3 O-O 10. O-O Ne5 11. Nxe5 dxe5 12. Rc1 exd5 13. cxd5 a6 14. Qc2 Ne8 15. b4
Bd7 16. a4 Nd6 17. b5 axb5 18. Nxb5 Bxb5 19. axb5 Rc8 20. Qb3 Qh4 21. b6 Qe7 22.
bxc7 Rxc7 23. Rxc7 Qxc7 24. Rc1 Qd7 25. Bb6 Rc8 26. Rxc8+ Qxc8 27. Qc2 Qxc2 28.
Bxc2 Bf8 29. Bd3 Be7 30. Kf1 Kf8 31. Ke2 Bg5 32. Kd1 Ke8 33. Kc2 Bd8 34. Be3 Kd7
35. Kb3 Nc8 36. Bb5+ Kd6 37. Kb4 Bb6 38. Bxb6 Nxb6 39. Bd3 Nc8 40. h4 Ne7 41.
Kb5 Kc7 42. g4 h6 43. g5 hxg5 44. hxg5 Nc8 45. f3 Nd6+ 46. Ka5 Nc8 47. Be2 Kd6
48. Kb5 Kc7 49. Kc5 Nd6 50. Bb5 Nc8 51. Bf1 Nd6 52. Bh3 b6+ 53. Kb4 Kd8 54. Bf1
Kc7 55. Bb5 Kd8 56. Bc6 Kc7 57. Kc3 b5 58. Kb4 Kb6 59. Bd7 Nc4 60. Bxb5 Ne3 61.
Be8 Nc2+ 62. Kc4 Nd4 63. Bxf7 Nxf3 64. Bxg6 Nxg5 65. Bf5 Nf7 66. Bg6 Nh6 67. Kb4
Ng4 68. Kc4 1/2-1/2

[Event "Reykjavik Open"]
[Site "Reykjavik ISL"]
[Date "2012.03.13"]
[Round "9.83"]
[White "Roberts, Lynda"]
[Black "Lensebakken, Jonar"]
[Result "1/2-1/2"]
[WhiteElo "1960"]
[BlackElo "1643"]
[WhiteFideId "1800191"]
[BlackFideId "1515462"]
[EventDate "2012.03.06"]

1. f4 d5 2. g3 Nf6 3. Nf3 Bg4 4. Bg2 e6 5. d3 c6 6. Be3 Nbd7 7. Nbd2 Bc5 8. Bxc5
Nxc5 9. Nb3 Qb6 10. Qd2 Bxf3 11. Bxf3 O-O 12. e3 Rfe8 13. O-O Rad8 14. Kh1 Nxb3
15. axb3 e5 16. fxe5 Rxe5 17. d4 Ne4 18. Bxe4 Rxe4 19. Rf4 Ree8 20. Re1 Qb5 1/2-1/2

[Event "Reykjavik Open"]
[Site "Reykjavik ISL"]
[Date "2012.03.13"]
[Round "9.84"]
[White "Einarsson, Oskar Long"]
[Black "Mehringer, Joerg"]
[Result "0-1"]
[WhiteElo "1618"]
[BlackElo "1903"]
[WhiteFideId "2309220"]
[BlackFideId "12915351"]
[EventDate "2012.03.06"]

1. e4 e5 2. Nf3 Nc6 3. d4 exd4 4. Nxd4 Bc5 5. Be3 Qf6 6. c3 Qg6 7. f3 Nge7 8.
Qd2 O-O 9. Nb5 Bxe3 10. Qxe3 f5 11. Bc4+ d5 12. O-O 0-1

[Event "Reykjavik Open"]
[Site "Reykjavik ISL"]
[Date "2012.03.13"]
[Round "9.85"]
[White "De Winter, Eric"]
[Black "Petersson, Baldur Teodor"]
[Result "1-0"]
[WhiteElo "1852"]
[BlackElo "1524"]
[WhiteFideId "1033069"]
[BlackFideId "2309157"]
[EventDate "2012.03.06"]

1. Nf3 Nc6 2. c4 e5 3. Nc3 Nf6 4. d3 d6 5. g3 Bd7 6. Bg2 Qc8 7. h3 Be7 8. Rb1 a5
9. b3 O-O 10. a3 h6 11. Bd2 Be6 12. Qc1 Kh7 13. b4 axb4 14. axb4 Bd8 15. b5 Ne7
16. h4 h5 17. Ng5+ Kg8 18. Nxe6 fxe6 19. O-O c6 20. Bg5 Nf5 21. Qb2 Ng4 22. bxc6
bxc6 23. Qb7 Bxg5 24. hxg5 Qd8 25. Qxc6 Qxg5 26. Ne4 Qe7 27. Rb7 Qd8 28. Rd7 Qe8
29. Nxd6 Qg6 30. Qb6 Rab8 31. Nxf5 Qxf5 32. Qa7 Qf6 33. Bf3 Rb2 34. Rb7 Rd2 35.
Rb8 e4 36. Rxf8+ Qxf8 37. Bxg4 hxg4 38. Qe3 Qb4 39. Qxe4 Qb2 40. Qxe6+ Kh8 41.
Kg2 Qb7+ 42. e4 g5 43. Rh1+ Kg7 44. Qh6+ Kg8 45. Qh8+ Kf7 46. Qh7+ Ke6 47. Qxb7
Ke5 48. Qg7+ Kd6 49. Rh6+ Kc5 50. Qe5+ Kb4 51. Rb6+ Ka4 52. Qb5+ Ka3 53. Qb3# 1-0

[Event "Reykjavik Open"]
[Site "Reykjavik ISL"]
[Date "2012.03.13"]
[Round "9.86"]
[White "Forsa, Elise"]
[Black "Kazmierczak, Ewa"]
[Result "1-0"]
[WhiteElo "1789"]
[BlackElo "1462"]
[WhiteFideId "1500163"]
[BlackFideId "1154877"]
[EventDate "2012.03.06"]

1. e4 e6 2. d4 d5 3. Nc3 Nf6 4. e5 Nfd7 5. f4 c5 6. Nf3 Nc6 7. Be3 a6 8. Qd2 b5
9. Be2 Qc7 10. O-O cxd4 11. Nxd4 b4 12. Na4 a5 13. Rac1 Ba6 14. c4 Nxd4 15. Bxd4
dxc4 16. Bxc4 Bxc4 17. b3 Qb7 18. Rxc4 Be7 19. Qc2 Qb5 20. f5 Nxe5 21. Rc8+ Rxc8
22. Qxc8+ Bd8 23. fxe6 O-O 24. exf7+ Nxf7 25. Qe6 Qe8 26. Qg4 g6 27. Qg3 Qd7 28.
Qf2 Qe8 29. Nc5 Nd6 30. Qg3 Rxf1+ 31. Kxf1 Qf8+ 32. Ke2 Nf5 33. Qe5 Nxd4+ 34.
Qxd4 Bb6 35. Qc4+ Kh8 36. Ne4 Qg7 37. Qc8+ Qg8 38. Qc6 Qd8 39. Qe6 Bd4 40. h3
Qa8 41. Kd3 Qd8 42. Qd6 Bb6 43. Qxd8+ Bxd8 44. Kc4 Kg7 45. Kb5 g5 46. g4 Kg6 47.
Nd6 Kf6 48. Nb7 Be7 49. Nxa5 Ke6 50. Nc6 Bf8 51. Nxb4 Ke5 52. a4 Kf4 53. a5 Bd6
54. a6 Bb8 55. Nc6 1-0

[Event "Reykjavik Open"]
[Site "Reykjavik ISL"]
[Date "2012.03.13"]
[Round "9.87"]
[White "Davidsdottir, Nansy"]
[Black "Ontiveros, John"]
[Result "1/2-1/2"]
[WhiteElo "1379"]
[BlackElo "1763"]
[WhiteFideId "2309491"]
[BlackFideId "2303981"]
[EventDate "2012.03.06"]

1. e4 c6 2. d4 d5 3. e5 Bf5 4. Nc3 e6 5. Bd3 Bxd3 6. Qxd3 Nd7 7. Nf3 c5 8. dxc5
Bxc5 9. Bf4 a6 10. a3 Ne7 11. b4 Ng6 12. Bg3 Bb6 13. O-O Rc8 14. Na4 Ba7 15.
Rac1 b5 16. Nb2 Nb6 17. c3 Nc4 18. Nxc4 Rxc4 19. Rfe1 O-O 20. Nd2 Rc7 21. Nf3
Qd7 22. Red1 Rfc8 23. Rc2 Qc6 24. Rdc1 1/2-1/2

[Event "Reykjavik Open"]
[Site "Reykjavik ISL"]
[Date "2012.03.13"]
[Round "9.90"]
[White "Palsdottir, Soley Lind"]
[Black "Thjomoe, Hans Richard"]
[Result "1/2-1/2"]
[WhiteElo "1323"]
[BlackElo "1926"]
[WhiteFideId "2306824"]
[BlackFideId "1506412"]
[EventDate "2012.03.06"]

1. e4 e5 2. Nf3 Nc6 3. Bc4 Nf6 4. d3 Be7 5. O-O O-O 6. Be3 d6 7. Nbd2 Na5 8. h3
Nxc4 9. Nxc4 b5 10. Ncd2 Bb7 11. a4 a6 12. axb5 axb5 13. b4 d5 14. Rxa8 Qxa8 15.
exd5 Bxd5 16. c3 e4 17. Nxe4 Nxe4 18. dxe4 Bxe4 19. Re1 Bf6 20. Bd2 Rd8 21. Re3
h6 22. Qe2 Bc6 23. g3 Qa1+ 24. Be1 Rd1 25. Kg2 g6 26. h4 g5 27. hxg5 Bxg5 28.
Re5 Qc1 29. Kf1 Rd6 30. Nxg5 hxg5 31. Qg4 Rg6 32. Qc8+ Kg7 33. Qxc7 Rh6 34. Ke2
g4 35. Bd2 Bf3+ 36. Ke3 Qf1 37. Rg5+ Rg6 38. Qe5+ Kg8 39. Qe8+ Kg7 40. Qe5+ Kg8
41. Qe8+ 1/2-1/2

[Event "Reykjavik Open"]
[Site "Reykjavik ISL"]
[Date "2012.03.13"]
[Round "9.92"]
[White "Steinthorsson, Felix"]
[Black "Brynjarsson, Eirikur Orn"]
[Result "0-1"]
[WhiteElo "1298"]
[BlackElo "1638"]
[WhiteFideId "2310040"]
[BlackFideId "2301580"]
[EventDate "2012.03.06"]

1. d4 d5 2. Nf3 Nf6 3. Bf4 c6 4. e3 e6 5. Nbd2 Qb6 6. Qc1 Nbd7 7. c3 c5 8. Be2
Bd6 9. Bg3 O-O 10. Qc2 Re8 11. Ne5 Qc7 12. Ndf3 h6 13. Nxd7 Bxd7 14. Bxd6 Qxd6
15. Ne5 Rac8 16. h4 b5 17. Qd2 Ne4 18. Qd1 f6 19. Ng6 e5 20. dxe5 fxe5 21. h5 c4
22. Bf3 Nf6 23. e4 d4 24. a3 d3 25. Qd2 Bc6 26. Qe3 a6 27. O-O-O Rb8 28. g4 Nh7 0-1